| 000 | 00980cam a22003135a 4500 | ||
|---|---|---|---|
| 001 | 13166245 | ||
| 003 | EG-ScBUE | ||
| 005 | 20250611100134.0 | ||
| 008 | 030417t2003 caua f b 001 0 eng d | ||
| 020 | _a0123116309 | ||
| 020 | _a9780123116307 | ||
| 040 |
_aDLC _beng _erda _cDLC _dDLC _dEG-ScBUE |
||
| 082 | 0 | 4 |
_a535.470287 _222 _bHAR |
| 100 | 1 |
_aHariharan, P., _eauthor. _937202 |
|
| 245 | 1 | 0 |
_aOptical interferometry / _cby P. Hariharan, School pf Physics, University of Sydney. |
| 250 | _aSecond edition. | ||
| 264 | 1 |
_aSan Diego, CA : _bAcademic Press, _c[2003] |
|
| 264 | 4 | _cc2003 | |
| 300 |
_axvi, 351 pages : _billustrations ; _c24 cm |
||
| 336 |
_2rdacontent _atext _btxt |
||
| 337 |
_aunmediated _2rdamedia _bn |
||
| 338 |
_avolume _bnc _2rdacarrier |
||
| 504 | _aIncludes bibliographical references and index. | ||
| 650 | 7 |
_aInterferometry. _2BUEsh _917923 |
|
| 651 | _2BUEsh | ||
| 653 |
_bENGGEN _cJune2015 |
||
| 655 |
_vReading book _934232 |
||
| 942 |
_2ddc _cBB |
||
| 999 |
_c19478 _d19450 |
||